Копия контракта от 6 сентября 1874 года санкт-петербургских купцов А.А. Кауфмана и В.О. Баранова с полевым интендантством Дунайс...

Доступно только в Электронных читальных залах Найти на картеНа карте
RUSMARC
00004131nmc2a2200000 x 450
001674a5c58-cc09-43a4-9ce5-226e96a10af7
00520160815133632.0
100##$a20140307l18771877k l0rusy0189 ca
1010#$arus
102##$aRU
2001#$aКопия контракта от 6 сентября 1874 года санкт-петербургских купцов А.А. Кауфмана и В.О. Баранова с полевым интендантством Дунайской действующей армии на поставку транспорта в 9800 подвод
$j1877 г.
251##$cДело
300##$aДело
300##$aОриг. заголовок дела: Копия контракта от 6 сентября 1877 года Санкт-Петербургских купцов А.А. Кауфмана и В.О. Баранова с полевым интендантством Дукатской действующей армии на поставку транспорта в 9800 подвод. 1877 г
801#0$aRU
$bРГИА
$c20140307
$gRCR
801#1$aRU
$bГлавНИВЦ
$c20140307
$2rusmarc
801#2$aRU
$bПБ им. Б.Н. Ельцина
$c20160815
$gRCR
$2rusmarc
850##$aРГИА
852##$aРГИА
$eФедеральное казенное учреждение "Российский государственный исторический архив" (РГИА)
$j276
937##$hРГИА
$d11285769
$aASBIBLIO_SCAN
462#0$10018486741b-8440-4b3b-a313-5477d72383d9
$12001
$aОпись архива Николая Васильевича Калачева
$1251
$cОпись
$1852
$j1
461#0$1001ae38533c-3d7f-4d0a-b2fa-f13c6b931ebf
$12001
$aКалачев Николай Васильевич (1819-1885)
$1251
$cФонд
$1852
$j950
215##$a6 л.
$d36,5х26 см
371##$aДокумент не является опубликованным и широко распространяемым
105##$ay###
1220#$ad
5171#$aКопия контракта от 6 сентября 1877 года Санкт-Петербургских купцов А.А. Кауфмана и В.О. Баранова с полевым интендантством Дукатской действующей армии на поставку транспорта в 9800 подвод. 1877 г.
035##$a674a5c58-cc09-43a4-9ce5-226e96a10af7
Формат отображения